| 000 | 01286nam a2200253Ia 4500 | ||
|---|---|---|---|
| 999 |
_c3385 _d3385 |
||
| 003 | OSt | ||
| 005 | 20200401125006.0 | ||
| 008 | 191128t1986 ck a br 000 j spa d | ||
| 020 | _a9586151271 | ||
| 040 |
_aCO-JMCR _cCO-JMCR |
||
| 041 | 0 | _aspa | |
| 082 | 0 | 4 |
_aC / _bBIBb |
| 245 | 1 | 0 |
_aBiblioteca fantástica / _cilustraron esta obra, Barilli, Cremonini, Gaspari, Faggian, [otros 24] |
| 260 |
_aBogotá : _bGrupo editorial Fabbri, _c©1986 |
||
| 300 |
_a124 páginas : _bilustraciones a color ; _c28 cm. |
||
| 440 |
_aObra completa ISBN : 958-615-126-3 _92373 |
||
| 505 | _aEl nuevo traje del emperador / Hans Chistian Andersen -- Olafo, el rey de los elfos / Leyenda de Noruega -- La esposa del mar / Leyenda esquimal -- El caballero de bronce / Leyenda española -- El pastor y la hija del rey / Ludwing Bechstein | ||
| 520 | _aUn buen lenguaje oral y escrito en el niño se logra mediante un ejercicio constante de la lectura. Es importante que imágenes apropiadas acompañen los textos infantiles, como instrumento lúdico que enriquezca la imaginación y la creatividad del pequeño. | ||
| 650 | 1 | 4 |
_aCuento infantil _9332 |
| 700 |
_aCremonini, _eilustrador _92374 |
||
| 700 |
_aGaspari, _eilustrador _92375 |
||
| 700 |
_aFaggian, _eilustrador _92376 |
||
| 942 |
_2ddc _cBK |
||